| 000 | 00564nam a2200241Ia 4500 | ||
|---|---|---|---|
| 003 | OSt | ||
| 005 | 20230427111436.0 | ||
| 008 | 210423s2011 xx 000 0 und d | ||
| 020 | _a9780070153349 | ||
| 040 | _cAL | ||
| 041 | _aeng | ||
| 082 |
_a332.1 _223 _bGURS |
||
| 100 |
_aGURUSAMY (S) _993849 |
||
| 245 | _aFinancial services | ||
| 250 | _a2 | ||
| 260 |
_aNew Delhi _bMcGrawhill _c2011 |
||
| 300 |
_aviii,590 _bPB |
||
| 365 | _cINR | ||
| 650 |
_aBanking _993850 |
||
| 650 |
_aEconomics _993851 |
||
| 906 | _aFinancial ; services | ||
| 942 |
_2ddc _cBK |
||
| 999 |
_c161187 _d161187 |
||